000
00240nmm a2200097Ia 4500
008
220120s9999||||xx |||||||||||||||||und||
082
_a
658.45 ADL
100
_a
Adler, Ronald, B
245
0
_a
Communicating at work
260
_b
New Delhi
_c
2002
999
_c
138911
_d
138911